La culpabilité des Templiers, suivie de l'innocence des Templiers / (Record no. 90455)

MARC details
000 -LEADER
campo de control de longitud fija 00881nam a2200205 i 4500
001 - NÚMERO DE CONTROL
campo de control 90455
003 - IDENTIFICADOR DE NÚMERO DE CONTROL
campo de control ES-MaACL
005 - FECHA Y HORA DE LA ÚLTIMA TRANSACCIÓN
campo de control 20230906180439.0
007 - CAMPO FIJO DE DESCRIPCIÓN FÍSICA--INFORMACIÓN GENERAL
campo de control de longitud fija t|
008 - DATOS DE LONGITUD FIJA--INFORMACIÓN GENERAL
campo de control de longitud fija 050120s1973 sp ||||1| fre d
100 1# - ENTRADA PRINCIPAL--NOMBRE DE PERSONA
Nombre de persona Legman, G.
9 (RLIN) 71283
245 13 - MENCIÓN DEL TÍTULO
Título La culpabilité des Templiers, suivie de l'innocence des Templiers /
Mención de responsabilidad, etc. par Henry Ch. Lea, de les Templiers et le culte des forces genesiques par Thomas Wright, George Witt et Sir James Tennent, et de le procés contre les chevaliers du Temple dans le royaume d'Angleterre par Sir William Dugdale ; traducción de Martine et Hervé Laroche.
260 ## - PUBLICACIÓN, DISTRIBUCIÓN, ETC.
Lugar de publicación, distribución, etc. [Madrid] :
Nombre del editor, distribuidor, etc. Veyrier,
Fecha de publicación, distribución, etc. [1973]
300 ## - DESCRIPCIÓN FÍSICA
Extensión 312 p. ;
Dimensiones 21 cm.
610 24 - PUNTO DE ACCESO ADICIONAL DE MATERIA--NOMBRE DE ENTIDAD CORPORATIVA
Nombre de entidad corporativa o nombre de jurisdicción como elemento de entrada Orden del Temple-
Subdivisión de forma Historia.
9 (RLIN) 157591
700 1# - ENTRADA AGREGADA--NOMBRE PERSONAL
Nombre de persona Lea, Henry Charles.
9 (RLIN) 70943
700 1# - ENTRADA AGREGADA--NOMBRE PERSONAL
Nombre de persona Laroche, Martine.
9 (RLIN) 70278
700 1# - ENTRADA AGREGADA--NOMBRE PERSONAL
Nombre de persona Laroche, Herve.
9 (RLIN) 70277
852 ## - LOCALIZACIÓN
Ubicación ES-MaACL
Número de control de estantería C-53951
Sublocalización o colección R.86676
Holdings
Estatus retirado Estado de pérdida Estado de daño No para préstamo Biblioteca de origen Biblioteca actual Ubicación en estantería Fecha de adquisición Fuente de adquisición Total de préstamos Signatura topográfica completa Código de barras Visto por última vez Precio de reemplazo Tipo de ítem Koha
        Biblioteca del Ateneo de Madrid Biblioteca del Ateneo de Madrid Depósito 2 17/01/2008     C-53951 1094456 23/02/2023 23/02/2023 Libro impreso